000
00310nam a2200133Ia 4500
082
_a
611
_b
A 1993P
100
_a
SHALYA,SUBHASH
245
_a
ANATOMY & PHYSIOLOGY FOR NURSES
250
_a
16TH
260
_b
JAYPEE MEDICAL PUBLISHER
_a
NEW DELHI
_c
1993
300
_a
1-41O
650
_a
ANATOMY
942
_2
ddc
_c
BK
999
_c
2611
_d
2611